Top 10 stanów USA z najdroższymi cenami domów - Statystyki

Ogólne statystyki
  • Ten quiz został rozwiązany 139 razy
  • Średni wynik to 5 z 10
Statystyki odpowiedzi
Wartość Stan % Poprawnych
$578,000 Kalifornia
95%
$328,000 Nowy Jork
92%
$429,000 Waszyngton
68%
$342,000 New Jersey
51%
$642,000 Hawaje
49%
$373,000 Oregon
40%
$409,000 Kolorado
32%
$434,000 Massachusetts
30%
$355,000 Utah
27%
$312,000 Maryland
25%
Nie znaleziono quizów pasujących do podanych kryteriów
Rozkład punktacji
Procent ludzi z każdym wynikiem
Percentyl według liczby udzielonych odpowiedzi
Twoja historia wyników
Nie rozwiązałeś tego quizu